Statistiken für Hauptstädte Europas

Klicken Sie hier um das Quiz zu spielen!

Allgemein

  • Dieses Quiz wurde 128 mal gespielt
  • Das Durchschnittsergebnis liegt bei 14 aus 15

Antwortstatistiken

HintAntwort% Korrekt
BerlinDeutschland
100%
HelsinkiFinnland
100%
AmsterdamNiederlande
100%
WienÖsterreich
100%
LissabonPortugal
100%
MoskauRussland
100%
StockholmSchweden
100%
BernSchweiz
100%
BrüsselBelgien
99%
KopenhagenDänemark
99%
OsloNorwegen
99%
MinskBelarus
94%
SofiaBulgarien
91%
TalinnEstland
91%
SkopjeNordmazedonien
71%

Verteilung der Resultate

Perzentil nach korrekt beantworteten Fragen

Anzahl Personen mit jedem Resultat

Ihre Resultats-Entwicklung

Sie haben dieses Quiz noch nicht gespielt